000 00429nam a22001697a 4500
005 20180717154559.0
008 160524b xxu||||| |||| 00| 0 eng d
020 _a81-203-1013-6
041 _aeng
082 _b4728
_a658.1511
100 _aMarshall, John F & Bansal, V.K.
_94543
245 _aFinancial Engineering
260 _aNew Delhi
_bAcademic Faundation
300 _a717p,
650 _aManagement
_9241
942 _cBK
999 _c1599
_d1598